[Event "GER GM06-A email"]
[Site "GER email"]
[Date "2017.06.26"]
[Round "?"]
[White "Korze, Danilo"]
[Black "Finocchiaro, Fabio"]
[Result "1/2-1/2"]
[WhiteElo "2549"]
[BlackElo "2591"]
[PlyCount "106"]
[EventDate "2017.??.??"]
[EventType "tourn (corr)"]
[EventRounds "13"]
[EventCountry "GER"]
[SourceTitle "Corr 2020"]
[Source "ChessBase"]
[SourceDate "2019.09.30"]
[SourceVersion "1"]
[SourceVersionDate "2019.09.30"]
[SourceQuality "1"]

1. e4 e5 2. Nf3 Nf6 3. Nxe5 d6 4. Nf3 Nxe4 5. Nc3 Nxc3 6. dxc3 Be7 7. Be3 Nc6 8. Qd2 Be6 9. 0-0-0 Qd7 10. Kb1 Bf6 11. h4 0-0-0 12. Nd4 Nxd4 13. Bxd4 Be5 14. Qe3 Qa4 15. b3 Qa5 16. Bxe5 dxe5 17. Be2 Rde8 18. Kb2 f6 19. Rhe1 Kb8 20. Qg3 g6 21. Bd3 Qc5 22. f4 Bc8 23. fxe5 Rxe5 24. Rxe5 Qxe5 25. Qxe5 fxe5 26. Rf1 Re8 27. Rf7 e4 28. Be2 h5 29. Kc1 Bf5 30. Kd2 e3+ 31. Kd1 Kc8 32. Bd3 Bg4+ 33. Ke1 Re6 34. Be2 Bxe2 35. Kxe2 b5 36. Rf4 g5 37. hxg5 Re5 38. g4 Rxg5 39. gxh5 Rxh5 40. Kxe3 a5 41. Kd2 Kb7 42. Kc1 Kb6 43. Kb2 c6 44. a4 Re5 45. axb5 cxb5 46. c4 a4 47. cxb5 axb3 48. c4 Re3 49. Rf5 Ka5 50. Rf1 Kb4 51. Rc1 Re2+ 52. Kb1 Ka3 53. b6 Rb2+ 1/2-1/2